La política
Sparad:
| Huvudupphovsman: | |
|---|---|
| Materialtyp: | Bok |
| Språk: | spanska |
| Publicerad: |
Buenos Aires
Espasa-Calpe
1969
|
| Upplaga: | 11a. ed |
| Serie: | Austral, 239
|
| Ämnen: | |
| Taggar: |
Lägg till en tagg
Inga taggar, Lägg till första taggen!
|
MARC
| LEADER | 00000cam a2200000 a 4500 | ||
|---|---|---|---|
| 001 | UCP3821 | ||
| 003 | CL-VaPUC | ||
| 008 | 990702e19690000AG |||||||||||||||||spa|d | ||
| 082 | 0 | 4 | |a 185 |b ARI |2 21 |
| 100 | |a Aristóteles, |d 384 a.C.- 322 a.C. |e author |9 194 | ||
| 245 | 1 | 3 | |a La política |
| 250 | |a 11a. ed | ||
| 300 | |a 260 p | ||
| 942 | |c BK | ||
| 945 | |d 19990702 00:00:00 |a lriquelm | ||
| 260 | |a Buenos Aires |b Espasa-Calpe |c 1969 | ||
| 650 | 0 | |a Filosofía |9 223554 | |
| 650 | 0 | |a Filosofía antigua |9 255705 | |
| 650 | 0 | |a Política |9 255312 | |
| 650 | 7 | |a HOMBRE |2 CL-VaPUC |9 262149 | |
| 650 | 0 | |a Economía |9 255568 | |
| 651 | 0 | |a Grecia |9 265314 | |
| 583 | |a last modification |c 20190507 08:58:40 |k Rodrigo Vera | ||
| 490 | 0 | |a Austral, 239 | |
| 999 | |c 281977 |d 281975 | ||
| 952 | |0 0 |1 0 |2 ddc |4 0 |6 185_000000000000000_ARI_1969 |7 0 |8 R |9 323156 |a BIBHIS |b BIBHIS |c RES |d 2019-11-20 |i 3448363 |l 2 |o 185 ARI 1969 |p 3448363 |r 2024-01-30 |s 2023-05-12 |w 2019-11-20 |y BK_R |k HIS | ||
| 952 | |0 0 |1 0 |4 0 |6 185_000000000000000_ARI_1969 |7 0 |8 A |9 323157 |a BIBDER |b BIBDER |d 2019-11-20 |i 3816354 |l 3 |o 185 ARI 1969 |p 3816354 |r 2025-04-09 |s 2025-04-09 |w 2019-11-20 |y BK |k DER | ||
| 952 | |0 0 |1 0 |3 erb |4 0 |6 185_000000000000000_ARI_1969 |7 0 |8 A |9 323158 |a FDOHBE |b FDOHBE |e Huesbe Llanos, Marco Antonio, 1934- |i 5307414 |o 185 ARI 1969 |p 5307414 |r 2024-01-30 |w 2019-11-20 |y BK |z Catalogado en:20160708 |k HBE | ||
| 952 | |0 0 |1 0 |2 ddc |3 erb |4 0 |6 185_000000000000000_ARI_1969 |7 0 |8 R |9 323159 |a BIBHIS |b BIBHIS |c RES |i 5546435 |l 1 |o 185 ARI 1969 |p 5546435 |r 2024-01-30 |s 2022-11-14 |w 2019-11-20 |y BK_R |z Catalogado en:20190510 |k HIS | ||